Statystyki dla Zwycięzcy edycji RAW AIR (2017-2024)

Kliknij tutaj aby rozwiązać quiz!

Ogólne statystyki

  • Ten quiz został rozwiązany 141 razy
    (31 od ostatniego zresetowania)
  • Średni wynik to 6 z 7

Statystyki odpowiedzi

EdycjaOdpowiedź% Poprawnych
2017Stefan Kraft
100%
2022Stefan Kraft
100%
2018Kamil Stoch
94%
2020Kamil Stoch
94%
2019Ryōyū Kobayashi
84%
2024Stefan Kraft
81%
2023Halvor Egner Granerud
74%

Rozkład punktacji

Percentyl według liczby udzielonych odpowiedzi

Procent ludzi z każdym wynikiem

Twoja historia wyników

Nie rozwiązałeś tego quizu od ostatniego zresetowania